| 000 | 00859cam a2200193 4500 | ||
|---|---|---|---|
| 001 | WS109076 | ||
| 008 | 000000n 000 0 eng u | ||
| 035 | _a(Sirsi) u109076 | ||
| 245 | _aLguide.com | ||
| 520 | _aWeb site which rates and reviews online courses and in many cases provides a link to the relevant site. It lists courses under the heading s of business, technology, languages, personal development and personal finance. It also provides a wizard to guide you to the relevant course. It includes articles on e-learning. | ||
| 650 | _aCOURSES | ||
| 650 | 0 | _aE-LEARNING | |
| 650 | _aLANGUAGES | ||
| 650 | _aMANAGEMENT-BUSINESS MANAGEMENT-INFORMATION MANAGEMENT | ||
| 650 | 0 | _aONLINE LEARNING | |
| 690 | _aCAREERS, EDUCATION AND TRAINING | ||
| 856 | 4 | 0 |
_uhttps://www.lguide.com _zView the website free of charge at www.lguide.com... |
| 942 | _n0 | ||
| 999 |
_c119696 _d119696 |
||